Effects of filler on compatibility of NR (Record no. 58331)
[ view plain ]
| 000 -LEADER | |
|---|---|
| fixed length control field | 00380nam a2200157Ia 4500 |
| 100 ## - MAIN ENTRY--AUTHOR NAME | |
| Personal name | Nakamura M |
| 245 #0 - TITLE STATEMENT | |
| Title | Effects of filler on compatibility of NR |
| 260 ## - PUBLICATION, DISTRIBUTION, ETC. (IMPRINT) | |
| Name of publisher | Rubber World |
| Year of publication | 1998 |
| 300 ## - PHYSICAL DESCRIPTION | |
| Number of Pages | 30-34 |
| 500 ## - GENERAL NOTE | |
| General note | Source Year: 1998 |
| 700 ## - ADDED ENTRY--PERSONAL NAME | |
| Personal name | Noguchchi K |
| 700 ## - ADDED ENTRY--PERSONAL NAME | |
| Personal name | Takagishi Y |
| 856 ## - ELECTRONIC LOCATION AND ACCESS | |
| Uniform Resource Identifier | IRRDB |
| 942 ## - ADDED ENTRY ELEMENTS (KOHA) | |
| Koha item type | Journals |
| Withdrawn status | Lost status | Damaged status | Not for loan | Home library | Current library | Shelving location | Date acquired | Serial Enumeration / chronology | Koha item type |
|---|---|---|---|---|---|---|---|---|---|
| Journals | RRII Library | RRII Library | Rubber chemistry | 17/12/2021 | Volume 218, Issue 3 | Journals |